/ 3



Tales, Translations, Trajectories: (Record no. 48130)

MARC details
000 -LEADER
fixed length control field 02303cam a22003735i 4500
003 - CONTROL NUMBER IDENTIFIER
control field RNL
005 - DATE AND TIME OF LATEST TRANSACTION
control field 20260408112211.0
008 - FIXED-LENGTH DATA ELEMENTS--GENERAL INFORMATION
fixed length control field 250208s2025 ii b 001 0 eng d
020 ## - INTERNATIONAL STANDARD BOOK NUMBER
ISBN 9371795654
020 ## - INTERNATIONAL STANDARD BOOK NUMBER
ISBN 9789371795654
040 ## - CATALOGING SOURCE
Original cataloging agency RCL
082 04 - DEWEY DECIMAL CLASSIFICATION NUMBER
Classification number 928.2 D48T
100 1# - MAIN ENTRY--PERSONAL NAME
Personal name Digby, Simon,
245 10 - TITLE STATEMENT
Title Tales, Translations, Trajectories:
Sub Title Literary and Linguistic Journeys in South Asia and Beyond
Statement of responsibility, etc / Simon Digby ,David Lunn..Ed, Francesca Orsini..Ed
260 ## - PUBLICATION, DISTRIBUTION, ETC.
Place of publication New Delhi:
Name of publisher Primus Books,
Year of publication 2026.
300 ## - PHYSICAL DESCRIPTION
Number of Pages xxi, 334p ; 24cm.
490 1# - SERIES STATEMENT
Series statement The life and works of Simon Digby volume IV ;
504 ## - BIBLIOGRAPHY, ETC. NOTE
Bibliography, etc Includes bibliographical references (pages 284-305) and index.
520 ## - SUMMARY, ETC.
Summary, etc Tales, Translations, Trajectories: Literary and Linguistic Journeys in South Asia and Beyond is a collection of the late Simon Digby’s penetrating and revelatory essays on broadly literary topics.<br/>Beginning with a substantial piece on the ‘Indian making’ of Richard Burton as an Arabist—on which Digby lectured when he was awarded the Burton Medal of the Royal Asiatic Society in 1999—subsequent chapters explore connected themes through the Arabian Nights and related tales in the Indo-Persian tradition. The second section focusses on another of his great passions—‘wonder tales’—and includes a wholly original study of the north Indian kissa tradition and the Nepali Madhumālatī.<br/>The final section focusses on Rudyard Kipling, Kim, and other lesser known but inter-connected colonial-era stories of ‘the little boy lost’, including missionary tracts. These probing, erudite, and in many cases never-before published essays make for essential and lively reading for anyone interested in the multi-lingual and interconnected literary worlds of South Asia.
546 ## - LANGUAGE NOTE
Language note English
650 #0 - SUBJECT ADDED ENTRY--TOPICAL TERM
Topical Term Sufism
Geographic subdivision India
650 #0 - SUBJECT ADDED ENTRY--TOPICAL TERM
Topical Term Yogis
Geographic subdivision India.
650 #0 - SUBJECT ADDED ENTRY--TOPICAL TERM
Topical Term Islamic hagiography
Geographic subdivision India.
650 #0 - SUBJECT ADDED ENTRY--TOPICAL TERM
Topical Term Sufism
650 #0 - SUBJECT ADDED ENTRY--TOPICAL TERM
Topical Term Hinduism
650 #0 - SUBJECT ADDED ENTRY--TOPICAL TERM
Topical Term Sufi literature
650 #6 - SUBJECT ADDED ENTRY--TOPICAL TERM
Topical Term Soufisme
Geographic subdivision Inde
650 #6 - SUBJECT ADDED ENTRY--TOPICAL TERM
Topical Term Yogis
Geographic subdivision Inde.
650 #6 - SUBJECT ADDED ENTRY--TOPICAL TERM
Topical Term Hagiographie islamique
Geographic subdivision Inde.
650 #6 - SUBJECT ADDED ENTRY--TOPICAL TERM
Topical Term Littérature soufie
700 1# - ADDED ENTRY--PERSONAL NAME
Personal name Lunn, David..Ed
700 1# - ADDED ENTRY--PERSONAL NAME
Personal name Orsini, Francesca..Ed
942 ## - ADDED ENTRY ELEMENTS (KOHA)
Koha item type Books
Holdings
Full call number Accession Number Lost status Damaged status Price effective from Koha item type Not for loan Collection code Withdrawn status Home library Current library Shelving location Date acquired Cost, normal purchase price
928.2 D48T 65840     04/08/2026 Books   History Department Books   RCL RCL General Stacks 03/09/2026 1650.00

Find us on the map

Contact Us

RAMANUJAN COLLEGE UNIVERSITY OF DELHI, KALKAJI, NEW DELHI 110019
library@ramaanujan.du.ac.in
011-35002219
https://library.ramanujancollege.ac.in/
ramanujancollegelibrary
                                 
Customized & Maintained by Department of Library
Visitor Counter